Dans quel département français se situe cette ville ? #3 - Statistiques

Statistiques générales
  • Ce quiz a été pris 71 fois
  • Le résultat moyen est 12 sur 15
Statistiques - réponses
Question Réponse % Correct
Soissons Aisne
100%
Manosque Alpes-de-Haute-Provence
100%
Carcassonne Aude
100%
Aix-en-Provence Bouches-du-Rhône
100%
Saintes Charente-Maritime
100%
Auch Gers
100%
Cherbourg-en-Cotentin Manche
100%
Lorient Morbihan
100%
Vénissieux Rhône
100%
Albertville Savoie
100%
Caen Calvados
67%
Chartres Eure-et-Loire
67%
Antony Hauts-de-Seine
33%
Roanne Loire
33%
Béthune Pas-de-Calais
0%
Aucun quiz correspondant
Distribution des résultats
% des personnes avec chaque résultat
Percentile par nombre de réponses
Votre historique - résultats
Vous n’avez pas pris ce quiz